000 00607nam a22001937a 4500
005 20240612165349.0
010 _aENG-140590
020 _a9789355325310
_c725.00
035 _aEN-124122
037 _bDBAD
082 _a658.3
_24
100 _aAswathappa, K
_967451
245 _aInternational Human Resource Management/
_cBy Aswathappa, K
250 _a4
260 _aChennai
_bMc Graw Hill Education
_c2024
270 _a444/1,Sri Ekambara Naicker Industrial Estate, Alapakkam Porur
_bChennai
_e600116
300 _axvi, 376p.
_c24cm(pbk)
_bindex
942 _2ddc
_cEN
_h658.3
_mASW
_e4
999 _c203559
_d203559